000 00660nam a22001937a 4500
003 OSt
005 20140310182534.0
008 130912t xxu||||| |||| 00| 0 eng d
050 _aRB 37
_b.C54 2011
245 _aHenry’s clinical diagnosis and management by laboratory methods /
_cEdited by Richard A. McPherson, Matthew R. Pincus.
250 _a22nd ed.
260 _aPhiladelphia :
_bSaunders Elsevier,
_cc2011.
300 _a1543 p. :
_bill. ;
_c30 cm.
504 _aIncludes bibliographical references and index.
650 _aDiagnosis
_xLaboratory.
_918955
650 _aClinical Laboratory Techniques.
_97391
942 _2lcc
999 _c14167
_d14167